000
00193 a2200097 4500
001
22591
100
_a
Abraham
245
_a
Olumpiad rome 1960
260
_a
_b
Cassel
_c
090
_c
15249
_d
15249
942
_a
NUST-CAE
_c
M
_c
5835
999
_c
257664
_d
257664